00931cam a22002774a 450000100090000000300050000900500170001400800410003101000170007202000280008904000190011704200080013605000220014408200200016610000280018624500410021426000400025530000330029550400600032865000190038865000180040765000300042565000270045585600800048285600910056213071319Nust20170317135236.0030128s2003 dcua b 001 0 eng  a 2003001908 a1559631848 (alk. paper) aDLCcASABdDLC apcc00aNA9095b.S64 200300a720/.9173/22211 aSolomon, Daniel,d1939-10aGlobal city blues /cDaniel Solomon. aWashington :bIsland Press,cc2003. axv, 253 p. :bill. ;c24 cm. aIncludes bibliographical references (p. 245) and index. 0aCity planning. 0aUrbanization. 0aArchitecture and society. 0aModernism (Aesthetics)413Table of contents onlyuhttp://www.loc.gov/catdir/toc/fy042/2003001908.html423Publisher descriptionuhttp://www.loc.gov/catdir/enhancements/fy0631/2003001908-d.html